| 000 | 00725nam a2200253Ia 4500 | ||
|---|---|---|---|
| 003 | OSt | ||
| 005 | 20220928110335.0 | ||
| 006 | a|||||r|||| 00| 0 | ||
| 007 | ta | ||
| 008 | 220927b |||||||| |||| 00| 0 hin d | ||
| 020 | _c1500 | ||
| 024 | _a112955 | ||
| 037 |
_b1563, 11/11/2011, Kiran Book Service _cTextual |
||
| 040 |
_aSDCL _cSDCL _bhin |
||
| 041 |
_2hin _ahin |
||
| 082 | _aO152,1N12x, Q1.1 | ||
| 100 |
_aToki Rajendra _9419106 |
||
| 245 | 0 | _aPremghan rachanawali.2V. | |
| 260 |
_aDelhi _bAasha Book _c2011 |
||
| 300 |
_a464p. _ccm. |
||
| 650 |
_aHindi _9391598 |
||
| 942 |
_hO152,1N12x, Q1.1 _cTEXL _2CC |
||
| 999 |
_c735152 _d735152 |
||